000
00339nam a2200157Ia 4500
100
_a
Mokashi V.S.
490
_v
I
942
_c
BK
654
_a
Mechanics.vol 1
245
_a
Engineering Mechanics.Vol 1
260
_b
Tata Mc Graw hill
_a
New Delhi
_c
1995
082
_a
620.1
_b
MOK
300
_a
536
546
_a
ENGLISH
999
_c
35339
_d
35339